|
|
|
|
| LEADER |
00000nam a22000007a 4500 |
| 005 |
20220712214644.0 |
| 007 |
cr|||| |||| |
| 008 |
220712s2022 co |||||s|||| 00||0 spa d |
| 020 |
|
|
|a 978-958-56259-5-2
|
| 035 |
|
|
|a 36695
|
| 040 |
|
|
|a vLex
|
| 090 |
|
|
|c 13542
|d 13542
|
| 100 |
1 |
|
|a Chavarro Cadena, Jorge Enrique
|
| 245 |
1 |
0 |
|a Cartilla Retencin̤ en la Fuente 2022
|h [Recurso electrn̤ico] /
|c Jorge Enrique Chavarro Cadena, Guillermo Cortes Guzman, Eliecer Bello Franco
|
| 256 |
|
|
|a Servicio en ln̕ea
|
| 260 |
|
|
|a Bogot:̀
|b Grupo Editorial Nueva Legislacin̤,
|c 2022
|
| 300 |
|
|
|a 1 recurso electrn̤ico
|
| 500 |
|
|
|a Para Nueva Legislacin̤ SAS es un orgullo seguir entregando la cartilla de Retencin̤ en la Fuente, diseąda de una manera didc̀tica, para que sirva de apoyo a estudiantes y profesionales, que cotidianamente deben, unos estudiar y analizar los contenidos normativos, y los otros poner en prc̀tica los conocimientos relacionados con el tema. La cartilla dispone de toda la normatividad vigente y sus decretos reglamentarios, as ̕como una serie de ejercicios por temas, los cuales ampliarǹ o aclararǹ las explicaciones de los temas propuestos. Contiene la retencin̤ en la fuente a tt̕ulo del impuesto de renta, impuesto sobre las ventas e impuesto de timbre nacional.
|
| 506 |
1 |
|
|a Disponible solo en los productos indicados
|d vLex Global
|d vLex Global (Academic Edition, excluding Law Schools)
|d vLex Global (U.S. Academic Edition, Law Schools)
|d vLex Global (U.S. Academic Edition, excluding Law Schools)
|d vLex Global (Academic Edition, Law Schools)
|
| 650 |
0 |
4 |
|a Derecho Tributario
|z Colombia
|
| 700 |
1 |
|
|a Cortes Guzman, Guillermo
|
| 700 |
1 |
|
|a Bello Franco, Eliecer
|
| 740 |
0 |
|
|a vLex Libros (Servicio en ln̕ea)
|
| 856 |
4 |
0 |
|u https://app.vlex.com/#/sources/36695
|z Acceso restringido
|
| 942 |
|
|
|c BOOK
|
| 999 |
0 |
|
|a Tax Law
|